Thực trạng và giải pháp phát triển đội ngũ hướng dẫn viên du lịch thành phố Đà Nẵng

Khái niệm về lao động và lao động trong du lịch. Đội ngũ hướng dẫn viên du lịch trên địa bàn thành phố Đà Nẵng. Một số giải pháp phát triển đội ngũ hướng dẫn viên du lịch trên địa bàn thành phố Đà Nẵng

Enregistré dans:
Détails bibliographiques
Auteur principal: Nguyễn Thị Ngọc Ẩn
Autres auteurs: Lưu Trang PGS.TS
Format: Livre
Publié: Đà Nẵng Đại học Sư phạm, Đại học Đà Nẵng 2012
Sujets:
Tags: Ajouter un tag
Pas de tags, Soyez le premier à ajouter un tag!
Thư viện lưu trữ: Mạng thư viện Đại học Đà Nẵng
LEADER 01813nam a2200337 4500
001 000017219
003 13634
005 20130320160329.0
008 130320s2012 sd
082 |a 910.92  |b NG- 
100 1 |a Nguyễn Thị Ngọc Ẩn 
245 |a Thực trạng và giải pháp phát triển đội ngũ hướng dẫn viên du lịch thành phố Đà Nẵng  |c Nguyễn Thị Ngọc Ẩn ; Lưu Trang hướng dẫn  |k Khóa luận tốt nghiệp 
260 |a Đà Nẵng  |b Đại học Sư phạm, Đại học Đà Nẵng  |c 2012 
300 |a 70 tr.  |b Hình mh.  |c 29 cm.  |e Đĩa CD, Tài liệu tóm tắt 
500 |a Khóa luận tốt nghiệp đại học. Chuyên ngành: Văn hóa - Du lịch 
504 |a Mục lục đầu trang, tài liệu tham khảo tr. 73 - 74, phụ lục [13 tr.] 
520 |a Khái niệm về lao động và lao động trong du lịch. Đội ngũ hướng dẫn viên du lịch trên địa bàn thành phố Đà Nẵng. Một số giải pháp phát triển đội ngũ hướng dẫn viên du lịch trên địa bàn thành phố Đà Nẵng 
600 1 4 |b Vua  |c Đinh Tiên Hoàng 
650 0 4 |a Du lịch  |v Khóa luận tốt nghiệp  |x Hướng dẫn viên  |z Đà Nẵng 
653 |a Khoa Lịch sử  |a Hướng dẫn viên du lịch 
700 |a Lưu Trang  |c PGS.TS 
OWN |a LSP 
AVA |a UDN50  |b LSP  |d 910.92 NG-  |e available  |t Error 5001 Not defined in file expand_doc_bib_avail.  |f 1  |g 0  |h N  |i 0  |k 1 
999 |a From the UDN01 
AVA |a UDN50  |b LSP  |d 910.92 NG-  |e available  |t Error 5001 Not defined in file expand_doc_bib_avail.  |f 1  |g 0  |h N  |i 0  |k 1 
TYP |a Monograph 
TYP |a Printed language 
980 |a Mạng thư viện Đại học Đà Nẵng